000 01296nam a2200265 a 4500
003 OSt
005 20240405105243.0
008 240315s2023 mx a|||| |||| 001 0 spa d
040 _cCHAP
_erda
082 0 0 _222
_a304.809
_bD53
245 0 0 _aDiagnóstico de seguimiento al Pacto Mundial sobre Migración en México, 2018-2022 /
_cpor Jesús Adrian González Mondragón ...[y otros tres] ; coordinado por Rocio González Higuera y Teresa Heessel Pimentel Vázquez.
264 1 _aCiudad de México :
_bSecretaría de Gobernación ;
_bUnidad de Politíca Migratoria :
_bRegistro e Identidad Personal,
_c2023.
300 _a172 páginas :
_bgráficas.
336 _2rdacontent
_atexto
_btxt
337 _2rdamedia
_asin medio
_bn
338 _2rdacarrier
_avolumen
_bnc
504 _aIncluye referencias bibliográficas páginas : 179-181.
650 4 _9188889
_aEmigración e inmigración
_vEstadísticas
_xAspectos económicos
650 4 _9188890
_aEmigración e inmigración
_vEstadísticas
_xAspectos sociales
650 4 _9188888
_aEmigración e inmigración
_xPolítica gubernamental
700 1 _9188887
_aGonzález Mondragón, Jesús Adrián
700 1 _9186998
_aGonzález Higuera, Rocio
_eCoordinador.
700 1 _9188886
_aPimentel Vázquez, Teresa Heessel
_eCoordinador.
942 _2ddc
_cLIBRO
999 _c219808
_d219808